000 00324nam a2200121Ia 4500
008 180205s9999 xx 000 0 und d
020 _a9780240806907
100 _aReese, David E.
245 _aRadio production work text :
_bstudio and equipment
250 _a5th ed
260 _aUSA
_bUSA
_c1977
300 _avii, 239 pages
999 _c354727
_d354727